<?xml version='1.0' encoding='UTF-8'?><?xml-stylesheet href='static/style.xsl' type='text/xsl'?><OAI-PMH xmlns="http://www.openarchives.org/OAI/2.0/" xmlns:xsi="http://www.w3.org/2001/XMLSchema-instance" xsi:schemaLocation="http://www.openarchives.org/OAI/2.0/ http://www.openarchives.org/OAI/2.0/OAI-PMH.xsd"><responseDate>2026-04-30T16:38:45Z</responseDate><request verb="GetRecord" identifier="oai:ebiltegia.mondragon.edu:20.500.11984/4589" metadataPrefix="marc">https://ebiltegia.mondragon.edu/oai/request</request><GetRecord><record><header><identifier>oai:ebiltegia.mondragon.edu:20.500.11984/4589</identifier><datestamp>2024-01-04T21:56:58Z</datestamp><setSpec>com_20.500.11984_1736</setSpec><setSpec>com_20.500.11984_1627</setSpec><setSpec>col_20.500.11984_1972</setSpec></header><metadata><record xmlns="http://www.loc.gov/MARC21/slim" xmlns:dcterms="http://purl.org/dc/terms/" xmlns:xsi="http://www.w3.org/2001/XMLSchema-instance" xmlns:doc="http://www.lyncode.com/xoai" xsi:schemaLocation="http://www.loc.gov/MARC21/slim http://www.loc.gov/standards/marcxml/schema/MARC21slim.xsd">
   <leader>00925njm 22002777a 4500</leader>
   <datafield ind2=" " ind1=" " tag="042">
      <subfield code="a">dc</subfield>
   </datafield>
   <datafield ind2=" " ind1=" " tag="720">
      <subfield code="a">Mondragon Unibertsitatea</subfield>
      <subfield code="e">author</subfield>
   </datafield>
   <datafield ind2=" " ind1=" " tag="260">
      <subfield code="c">2016-03-10</subfield>
   </datafield>
   <datafield ind2=" " ind1=" " tag="520">
      <subfield code="a">Bilbo, Iruñea, Maule, Donostia eta Gasteizko alkateak bilduta, eta Euskal Herriko hiriburuetako alkateak. Euskararekiko harremana eta etorkizuneko erronkak goiburuarekin, mahai-ingurua egin da gaur, martxoak 10, Humanitate eta Hezkuntza Zientzien Fakultateko Eskoriatzako campusean. Entzulez betetako areto batean, Juan Mari Aburtok, Joseba Asironek, Michel Etchebestek, Eneko Goiak eta Gorka Urtaranek azaldu dituzte, agintari moduan, euskararen inguruan dituzten erronkak; gainera, hizlariek zirriborratu dute euren biografia linguistikoa eta partekatu dute entzuleekin noiztik, norekin eta zergatik egiten duten euskaraz. Entzuleen artean zeuden ikasleak, fakultateko langileak, Debagoieneko alkateak, ordezkari politikoak eta herriko jendea.</subfield>
   </datafield>
   <datafield ind2=" " ind1=" " tag="520">
      <subfield code="a">Cinco alcaldes euskaldunes en la facultadBajo el lema Alcaldes euskaldunes en las capitales. Relación con el euskera y retos de futuro, se han reunido hoy, día 10 de marzo, en el campus de Eskoriatza de la Facultad de Humanidades y Ciencias de la Educación los alcalde de de las cuatro capitales de Hegoalde y el de Maule. Juan Mari Aburto (Bilbao), Joseba Asiron (Pamplona), Michel Etchebeste (Maule), Eneko Goia (Donostia) y Gorka Urtaran (Vitoria-Gasteiz) han debatido, entre otros aspectos, sobre los diferentes retos ante los que se enfrentan las capitales en cuanto a la normalización del euskera. Además, los representantes municipales han hecho un recorrido sobre sus respectivas biografías lingüísticas.</subfield>
   </datafield>
   <datafield ind1="8" ind2=" " tag="024">
      <subfield code="a">https://www.flickr.com/photos/huhezi/albums/72157665572813721</subfield>
   </datafield>
   <datafield ind1="8" ind2=" " tag="024">
      <subfield code="a">https://www.flickr.com/photos/tulankide/albums/72157665577633832</subfield>
   </datafield>
   <datafield ind1="8" ind2=" " tag="024">
      <subfield code="a">https://hdl.handle.net/20.500.11984/4589</subfield>
   </datafield>
   <datafield tag="653" ind2=" " ind1=" ">
      <subfield code="a">Humanitate eta Hezkuntza Zientzien Fakultatea</subfield>
   </datafield>
   <datafield ind2="0" ind1="0" tag="245">
      <subfield code="a">Hiriburuetako alkate euskaldunak, gurean</subfield>
   </datafield>
   <datafield ind2="0" ind1="0" tag="245">
      <subfield code="a">Los alcaldes euskaldunes de cinco capitales en la facultad</subfield>
   </datafield>
</record></metadata></record></GetRecord></OAI-PMH>